00416nam a2200145Ia 4500008004100000020001500041041001200056082001100068100001600079245010000095260003600195300000800231650001400239700001700253221030s9999 xx 000 0 und d a8131216408 aEnglish a105.23 aR. Greenlaw 0aFundamentals of the Theory of Computation : Principles & Practicecby R. Greenlaw, H. J. Hoover bMorgan Kauf Pub.aGurgaonc2009 a336 aComputers aH. J. Hoover